Municipalities of Green County, Wisconsin - Statistics

General Stats
  • This quiz has been taken 84 times
  • The average score is 11 of 25
Answers on the Map
Answers color-coded by a green-red scale on the quiz's map according to % correct below.
 
Answer Stats
Answer % Correct
City of Monroe
89%
Town of Monroe
89%
Town of New Glarus
89%
Village of New Glarus
89%
Village of Belleville
78%
Village of Monticello
78%
City of Brodhead
56%
Town of Albany
56%
Town of Brooklyn
56%
Village of Albany
56%
Village of Brooklyn
56%
Village of Browntown
56%
Census Designated Place of Juda
33%
Town of Mount Pleasant
33%
Town of Adams
22%
Town of Cadiz
22%
Town of Clarno
22%
Town of Exeter
22%
Town of Washington
22%
Town of York
22%
Town of Decatur
11%
Town of Jefferson
11%
Town of Jordan
11%
Town of Spring Grove
11%
Town of Sylvester
11%
No matching quizzes found
Score Distribution
Percent of People with Each Score
Percentile by Number Answered
Your Score History
You have not taken this quiz